Loading...
| History - European History | 2 | 0 | 1 | 0 | 25 | 54 | 69.50 | 1 | 2 |
| History - American History | 0 | 2 | 0 | 1 | 20 | 103 | 109.50 | 0 | 2 |
| Fine Arts - Auditory Fine Arts | 1 | 0 | 0 | 0 | 15 | 55 | 55.00 | 1 | 1 |
| Religion | 0 | 2 | 1 | 1 | 15 | 114 | 125.00 | 1 | 2 |
| Philosophy | 0 | 1 | 0 | 1 | 10 | 139 | 139.00 | 0 | 1 |
| History - World History | 0 | 1 | 0 | 1 | 10 | 114 | 114.00 | 0 | 1 |
| History - Other History | 0 | 1 | 0 | 1 | 10 | 128 | 128.00 | 0 | 1 |
| Literature - British Literature | 0 | 1 | 0 | 1 | 10 | 136 | 136.00 | 0 | 1 |
| Mythology | 0 | 1 | 0 | 1 | 10 | 140 | 140.00 | 0 | 1 |
| Social Science | 0 | 1 | 1 | 1 | 5 | 92 | 92.00 | 1 | 1 |
| Fine Arts - Visual Fine Arts | 0 | 0 | 0 | 0 | 0 | 0.00 | 0 | 0 |